<?xml version="1.0" encoding="UTF-8"?>
<record
    xmlns:xsi="http://www.w3.org/2001/XMLSchema-instance"
    xsi:schemaLocation="http://www.loc.gov/MARC21/slim http://www.loc.gov/standards/marcxml/schema/MARC21slim.xsd"
    xmlns="http://www.loc.gov/MARC21/slim">

  <leader>00948nam a22002417a 4500</leader>
  <controlfield tag="001">1447</controlfield>
  <controlfield tag="005">20230926140916.0</controlfield>
  <datafield tag="020" ind1=" " ind2=" ">
    <subfield code="a">9781445489872</subfield>
  </datafield>
  <datafield tag="040" ind1=" " ind2=" ">
    <subfield code="a">FISKH</subfield>
    <subfield code="b">eng</subfield>
  </datafield>
  <datafield tag="082" ind1=" " ind2=" ">
    <subfield code="a">823.92</subfield>
  </datafield>
  <datafield tag="100" ind1=" " ind2=" ">
    <subfield code="a">Saracino, Luciano</subfield>
  </datafield>
  <datafield tag="245" ind1=" " ind2=" ">
    <subfield code="a">The Monster Diaries</subfield>
    <subfield code="c">Written by Luciano Saracino ; Illustrated by Poly Bernatene</subfield>
  </datafield>
  <datafield tag="260" ind1=" " ind2=" ">
    <subfield code="a">London :</subfield>
    <subfield code="b">Parragon,</subfield>
    <subfield code="c">2012</subfield>
  </datafield>
  <datafield tag="300" ind1=" " ind2=" ">
    <subfield code="a">30 unnumbered pages</subfield>
    <subfield code="c">25 cm.</subfield>
  </datafield>
  <datafield tag="505" ind1=" " ind2=" ">
    <subfield code="a">M</subfield>
  </datafield>
  <datafield tag="520" ind1=" " ind2=" ">
    <subfield code="a">"Special memo from the Federation of Fright: Human children have run out of nightmares. There is a competition to find the Grisliest Ghoul. Top monsters willl study diary entries to determine the most fearsome fiend." Read the diary entries from witches, aliens, yetis, and more and find out who will win the grisliest ghoul competition!</subfield>
  </datafield>
  <datafield tag="521" ind1=" " ind2=" ">
    <subfield code="a">790
</subfield>
    <subfield code="b">Lexile estimate</subfield>
  </datafield>
  <datafield tag="521" ind1=" " ind2=" ">
    <subfield code="a">M 
</subfield>
    <subfield code="b">Raz-Plus estimate</subfield>
  </datafield>
  <datafield tag="650" ind1=" " ind2=" ">
    <subfield code="a">Monsters</subfield>
  </datafield>
  <datafield tag="650" ind1=" " ind2=" ">
    <subfield code="a">Halloween</subfield>
  </datafield>
  <datafield tag="650" ind1=" " ind2=" ">
    <subfield code="a">Horror</subfield>
  </datafield>
  <datafield tag="942" ind1=" " ind2=" ">
    <subfield code="2">ddc</subfield>
    <subfield code="c">BK</subfield>
    <subfield code="n">0</subfield>
  </datafield>
  <datafield tag="999" ind1=" " ind2=" ">
    <subfield code="c">1447</subfield>
    <subfield code="d">1447</subfield>
  </datafield>
  <datafield tag="952" ind1=" " ind2=" ">
    <subfield code="0">0</subfield>
    <subfield code="1">0</subfield>
    <subfield code="2">ddc</subfield>
    <subfield code="4">0</subfield>
    <subfield code="7">0</subfield>
    <subfield code="8">FIC</subfield>
    <subfield code="a">001</subfield>
    <subfield code="b">001</subfield>
    <subfield code="c">ATKSF</subfield>
    <subfield code="d">2023-08-25</subfield>
    <subfield code="l">3</subfield>
    <subfield code="o">SAR 823.92 PZ7</subfield>
    <subfield code="p">2023-0364</subfield>
    <subfield code="r">2023-11-23 11:21:04</subfield>
    <subfield code="s">2023-11-16</subfield>
    <subfield code="t">1</subfield>
    <subfield code="w">2023-08-25</subfield>
    <subfield code="y">BK</subfield>
  </datafield>
  <datafield tag="952" ind1=" " ind2=" ">
    <subfield code="0">0</subfield>
    <subfield code="1">0</subfield>
    <subfield code="2">ddc</subfield>
    <subfield code="4">0</subfield>
    <subfield code="7">0</subfield>
    <subfield code="8">FIC</subfield>
    <subfield code="a">001</subfield>
    <subfield code="b">001</subfield>
    <subfield code="c">ATKSF</subfield>
    <subfield code="d">2023-08-25</subfield>
    <subfield code="l">0</subfield>
    <subfield code="o">SAR 823.92 PZ7</subfield>
    <subfield code="p">2024-0561           </subfield>
    <subfield code="r">2024-05-06 13:44:56</subfield>
    <subfield code="t">2</subfield>
    <subfield code="w">2023-08-25</subfield>
    <subfield code="y">BK</subfield>
  </datafield>
  <datafield tag="952" ind1=" " ind2=" ">
    <subfield code="0">0</subfield>
    <subfield code="1">0</subfield>
    <subfield code="2">ddc</subfield>
    <subfield code="4">0</subfield>
    <subfield code="7">0</subfield>
    <subfield code="8">FIC</subfield>
    <subfield code="a">001</subfield>
    <subfield code="b">001</subfield>
    <subfield code="c">ATKSF</subfield>
    <subfield code="d">2023-08-25</subfield>
    <subfield code="l">0</subfield>
    <subfield code="o">SAR 823.92 PZ7</subfield>
    <subfield code="p">2024-0562</subfield>
    <subfield code="r">2024-05-06 13:45:59</subfield>
    <subfield code="t">3</subfield>
    <subfield code="w">2023-08-25</subfield>
    <subfield code="y">BK</subfield>
  </datafield>
  <datafield tag="952" ind1=" " ind2=" ">
    <subfield code="0">0</subfield>
    <subfield code="1">0</subfield>
    <subfield code="2">ddc</subfield>
    <subfield code="4">0</subfield>
    <subfield code="7">0</subfield>
    <subfield code="8">FIC</subfield>
    <subfield code="a">001</subfield>
    <subfield code="b">001</subfield>
    <subfield code="c">ATKSF</subfield>
    <subfield code="d">2023-08-25</subfield>
    <subfield code="l">0</subfield>
    <subfield code="o">SAR 823.92 PZ7</subfield>
    <subfield code="p">2024-0563</subfield>
    <subfield code="r">2024-05-06 13:46:46</subfield>
    <subfield code="t">4</subfield>
    <subfield code="w">2023-08-25</subfield>
    <subfield code="y">BK</subfield>
  </datafield>
</record>
